Województwa Polski z lat 1793-1795 (z mapą) - Statystyki

Ogólne statystyki
  • Ten quiz został rozwiązany 164 razy
  • Średni wynik to 8 z 20
Odpowiedzi na mapie
Odpowiedzi zakodowano w zielono-czerwonej skali na mapie do tego quizu, zgodnie z poniższymi procentami.
 
Statystyki odpowiedzi
Województwo % Poprawnych
warszawskie
90%
wileńskie
79%
lubelskie
72%
krakowskie
69%
brzeskie
57%
podlaskie
53%
sandomierskie
49%
grodzieńskie
45%
wołyńskie
41%
Księstwo {Kurlandzkie}
34%
żmudzkie
34%
mazowieckie
27%
nowogródzkie
27%
chełmskie
26%
trockie
26%
ciechanowskie
19%
Powiat {piltyński}
5%
włodzimierskie
5%
brasławskie
3%
mereckie
0%
Nie znaleziono quizów pasujących do podanych kryteriów
Rozkład punktacji
Procent ludzi z każdym wynikiem
Percentyl według liczby udzielonych odpowiedzi
Twoja historia wyników
Nie rozwiązałeś tego quizu